| 000 | 00566nam a2200193Ia 4500 | ||
|---|---|---|---|
| 008 | 131103s9999 xx 000 0 und d | ||
| 020 |
_a195662997 _cRs.295.00 |
||
| 040 | _aLoreto College | ||
| 041 | _aEnglish | ||
| 082 |
_a954/STE _bLCLIB/42520(HistSemLib) |
||
| 245 | 2 |
_aA History of India _cBurton Stein |
|
| 260 |
_aNew Delhi _bOxford University Press _c2002 |
||
| 300 | _axiv,432p, maps, charts, tables, photos. 24 cm. | ||
| 504 | _aIncludes index | ||
| 650 | _aHistory-India | ||
| 651 | _aIndia-History | ||
| 700 | _aStein, Burton, auth. | ||
| 942 | _cBK | ||
| 999 |
_c2161 _d52640 |
||